000 00275nam a2200109Ia 4500
008 200302s9999 xx 000 0 und d
100 _aSimon Dresner
245 _aThe Principles of Sustainability
260 _bEarthscan Publications Ltd.
260 _c2003
300 _a200 P.,
999 _c5705
_d5705